EFFECTS OF DIFFERENT GROWING METHODS ON THE GROWTH OF CHERRY TOMATO IN NETHOUSE. ឥទ្ធិពលនៃវិធីសាស្ត្រដាំដុះផ្សេងគ្នាទៅលើការលូតលាស់ដំណាំប៉េងប៉ោះឈើរីក្នុងផ្ទះសំណាញ (Record no. 21931)

000 -LEADER
fixed length control field 00650nam a22001217a 4500
040 ## - CATALOGING SOURCE
Transcribing agency RUA
100 ## - MAIN ENTRY--AUTHOR NAME
Personal name TUY HUN. ទុយ ហុន
245 ## - TITLE STATEMENT
Title EFFECTS OF DIFFERENT GROWING METHODS ON THE GROWTH OF CHERRY TOMATO IN NETHOUSE. ឥទ្ធិពលនៃវិធីសាស្ត្រដាំដុះផ្សេងគ្នាទៅលើការលូតលាស់ដំណាំប៉េងប៉ោះឈើរីក្នុងផ្ទះសំណាញ
260 ## - PUBLICATION, DISTRIBUTION, ETC. (IMPRINT)
Place of publication Phnom Penh
Name of publisher RUA
Year of publication 2021
300 ## - PHYSICAL DESCRIPTION
Number of Pages XII.39P
Other physical details IX.
Dimensions 29CM
856 ## - ELECTRONIC LOCATION AND ACCESS
Uniform Resource Identifier https://drive.google.com/file/d/1exzTjuwfdnpjt9TABtXGF0hntW4rji2K/view?usp=sharing
942 ## - ADDED ENTRY ELEMENTS (KOHA)
Koha item type AGE
952 ## - LOCATION AND ITEM INFORMATION (KOHA)
Withdrawn status [LOCAL, KOHA] 0
952 ## - LOCATION AND ITEM INFORMATION (KOHA)
Withdrawn status [LOCAL, KOHA] 0
952 ## - LOCATION AND ITEM INFORMATION (KOHA)
Withdrawn status [LOCAL, KOHA] 0
952 ## - LOCATION AND ITEM INFORMATION (KOHA)
Withdrawn status [LOCAL, KOHA] 0
952 ## - LOCATION AND ITEM INFORMATION (KOHA)
Withdrawn status [LOCAL, KOHA] 0
952 ## - LOCATION AND ITEM INFORMATION (KOHA)
Withdrawn status [LOCAL, KOHA] 0
Holdings
Permanent Location Date acquired Koha item type Lost status Shelving location Barcode Current Location Full call number
Library Block B2023-09-15AGE B670a72777Library Block BAGE TUY 2021 B670 Or.
Library Block B2023-09-15AGE B670a72456Library Block BAGE TUY 2021 B670 Or.
Library Block B2023-09-15AGE B670a72351Library Block BAGE TUY 2021 B670 Or.
Library Block B2023-09-15AGE B670a071786Library Block BAGE TUY 2021 B670 Or.
Library Block B2023-09-15AGE B670a071790Library Block BAGE TUY 2021 B670 Or.
Library Block B2023-09-15AGE B670a72396Library Block BAGE TUY 2021 B670 Or.
មជ្ឈមណ្ឌលឯការនៃសាកលវិទ្យាល័យភូមិន្ទកសិកម្មចំការដូង

Powered by Koha